000 00624nam a2200241 a 4500
001 nice12345678
003 IN_TiNIC
005 20260116011844.0
008 050524s1952 lona grp 000 0 eng
020 _a
_c100
082 0 0 _a268.6
_bPEA
100 _aPeason, E M
245 _aChristian Faith and Way of Life
260 _aLondon
_bSpck
_c1952
300 _a172p
500 _aincludes index and biblioraphy
505 2 _a2.khuda ka faisla, 3.dawat qaum,4.maktub arabi banam ulema.
650 _aChristian Education & Training
700 1 _aPeason, E M
902 _bSRS
942 _cBK
999 _c4479
_d4479